Los aspectos biofísicos de la provincia de Pamplona, Norte de Santander, Colombia /

Bibliographic Details
Main Authors: Villamizar Quiñonez, César (Author), Cancino Escalante, Giovanni Orlando (Author), Cancino, Susan Elsa (Author)
Format: Electronic eBook
Language:Spanish
Published: [Pamplona, Colombia] : Sello Editorial Unipamplona, [2024]
Edition:Primera edición.
Series:Colección Biología y ciencias naturales (Universidad de Pamplona)
Subjects:
Online Access:Digitalia Hispánica

MARC

LEADER 00000nam a2200000 i 4500
001 DIGUPAMP0067
003 NyNyDIG
007 cr |||||||||||
008 250904s2024 ck a ob 000 0 spa d
006 m o d
035 |a (OCoLC)1536545103 
040 |a DGITA  |b eng  |e rda  |e pn  |c DGITA 
020 |a 9786287656291  |q (digital) 
024 7 |a 10.24054/seu.78  |2 doi 
043 |a s-ck--- 
050 1 4 |a QC988.C8 ebook 
100 1 |a Villamizar Quiñonez, César,  |e author. 
245 1 4 |a Los aspectos biofísicos de la provincia de Pamplona, Norte de Santander, Colombia /  |c César Villamizar Quiñonez, Giovanni Orlando Cancino Escalante, Susan Elsa Cancino. 
250 |a Primera edición. 
264 1 |a [Pamplona, Colombia] :  |b Sello Editorial Unipamplona,  |c [2024] 
300 |a 1 online resource :  |b illustrations. 
336 |a text  |b txt  |2 rdacontent 
337 |a computer  |b c  |2 rdamedia 
338 |a online resource  |b cr  |2 rdacarrier 
347 |a text file  |2 rdaft 
347 |b PDF 
490 1 |a Colección Biología y ciencias naturales 
504 |a Includes bibliographical references. 
588 0 |a Online resource; title from PDF title page (Digitalia, viewed September 4, 2025) 
651 0 |a Pamplona (Norte de Santander, Colombia)  |x Climate. 
650 0 |a Soils  |z Colombia  |z  Pamplona (Norte de Santander) 
650 0 |a Water-supply  |z Colombia  |z  Pamplona (Norte de Santander) 
700 1 |a Cancino Escalante, Giovanni Orlando,  |e author. 
700 1 |a Cancino, Susan Elsa,  |e author. 
791 2 |a Digitalia (Firm),  |e distributor. 
793 0 |g Digitalia eBook Collection:  |a Universidad de Pamplona 
830 0 |a Colección Biología y ciencias naturales (Universidad de Pamplona) 
856 4 0 |3 Digitalia Hispánica  |u https://www.digitaliapublishing.com/a/175715/ 
910 |a Premium collection: 2025